000
00272nam a2200109Ia 4500
008
230907s9999||||xx |||||||||||||| ||und||
082
_a
621.381,HOR
100
_a
Horowitz, Paul,
_9
96834
245
4
_a
The art of electronics /
300
_a
xxxi, 1192 pages :
942
_c
BK
999
_c
597895
_d
597895